[Event "II Festival Lunigiana A"]
[Site "Pontremoli ITA"]
[Date "1998.07.06"]
[Round "2"]
[White "Rivara, Massimo"]
[Black "Duarte, Riccardo"]
[Result "0-1"]
[WhiteElo "1705"]
[BlackElo "1717"]
[PlyCount "72"]
[EventDate "1998.07.05"]

1. e4 e5 2. Bb5 Nf6 3. Qe2 Nc6 4. c3 Bc5 5. Nf3 Qe7 6. O-O O-O 7. d3 d6 8. Be3
Bb6 9. Nbd2 Ng4 10. Bxb6 axb6 11. h3 Nf6 12. Bc4 Nh5 13. d4 Nf4 14. Qe3 Qf6 15.
Rfd1 Bxh3 16. Bf1 Bg4 17. g3 Nh3+ 18. Bxh3 Bxh3 19. dxe5 Nxe5 20. Nxe5 Qxe5 21.
f4 Qh5 22. Nf3 Bg4 23. Kf2 Qb5 24. b3 Rfe8 25. Rd5 Qc6 26. Nd4 Qd7 27. Nf5 Re6
28. Nxg7 Kxg7 29. Qd4+ Kg8 30. f5 Rh6 31. Kg1 Qe7 32. Qe3 Rh5 33. Kg2 Bxf5 34.
g4 Bxe4+ 35. Kg3 Rxd5 36. c4 Rd3 0-1

[Event "II Festival Lunigiana A"]
[Site "Pontremoli ITA"]
[Date "1998.07.07"]
[Round "3"]
[White "Duarte, Riccardo"]
[Black "Mrdja, Milan"]
[Result "0-1"]
[WhiteElo "1717"]
[BlackElo "2430"]
[PlyCount "116"]
[EventDate "1998.07.05"]

1. e4 Nf6 2. Nc3 d5 3. e5 Nfd7 4. d4 Nb6 5. Bd3 e6 6. Nce2 c5 7. c3 Nc6 8. a3
a5 9. Nf3 Qc7 10. Be3 a4 11. Bb5 Bd7 12. dxc5 Nc4 13. Bxc4 dxc4 14. O-O Na5 15.
Qc2 Nb3 16. Rad1 Nxc5 17. Nf4 Bc6 18. Nd4 Be7 19. Nxc6 Qxc6 20. Qe2 Nd7 21. Qg4
g6 22. Bd4 O-O-O 23. Ne2 g5 24. Nc1 h5 25. Qe2 Nf8 26. Na2 Ng6 27. f3 Nf4 28.
Qc2 Rd7 29. Nc1 Rhd8 30. Ne2 Nd3 31. Nc1 Nf4 32. Ne2 Ng6 33. Ng3 Bc5 34. Nxh5
Nxe5 35. Nf6 Bxd4+ 36. cxd4 Rxd4 37. Rxd4 Rxd4 38. Qc3 Qc5 39. Kh1 Nc6 40. Ne4
Qd5 41. Qc1 b5 42. Nxg5 f5 43. f4 e5 44. Nf3 Rxf4 45. Rd1 Nd4 46. Qe3 Re4 47.
Qc3 Kb7 48. Qb4 Ka6 49. h3 Re3 50. Qd2 Rd3 51. Qh6+ Qc6 52. Qxc6+ Nxc6 53. Re1
e4 54. Ng5 Rd2 55. Rb1 Ne5 56. h4 e3 57. Kg1 e2 58. Re1 Rd1 0-1

[Event "II Festival Lunigiana A"]
[Site "Pontremoli ITA"]
[Date "1998.07.07"]
[Round "3"]
[White "Godani, Tiziano"]
[Black "Ferrarini, Stefano"]
[Result "1-0"]
[WhiteElo "2075"]
[BlackElo "1669"]
[PlyCount "73"]
[EventDate "1998.07.05"]

1. e4 Nc6 2. d4 d5 3. Nc3 e6 4. e5 b6 5. Nf3 Bb7 6. Bd3 Nb4 7. Bb5+ c6 8. Ba4
b5 9. Bb3 a5 10. a4 Ba6 11. Ne2 bxa4 12. Bxa4 Bb5 13. O-O Ne7 14. c3 Na6 15.
Bc2 Ng6 16. b3 f5 17. exf6 gxf6 18. Re1 Bd6 19. Ng3 Kf7 20. c4 dxc4 21. Qe2 Nc7
22. bxc4 Ba6 23. Bd2 Bb4 24. Bd3 Re8 25. Qe3 Bf8 26. Rxa5 Bb7 27. Rh5 Kg8 28.
Nh4 Ra3 29. Rxh7 Kxh7 30. Nxg6 Bg7 31. Nh5 f5 32. Nxg7 Rxd3 33. Qh6+ Kg8 34.
Qh8+ Kf7 35. Ne5+ Ke7 36. Nxf5+ exf5 37. Qg7+ 1-0

[Event "II Festival Lunigiana A"]
[Site "Pontremoli ITA"]
[Date "1998.07.07"]
[Round "3"]
[White "Lasio, Millo"]
[Black "Malakhov, Vladimir"]
[Result "0-1"]
[WhiteElo "1824"]
[BlackElo "2550"]
[PlyCount "52"]
[EventDate "1998.07.05"]

1. d4 d5 2. e3 c6 3. Bd3 Nf6 4. Nd2 Bg4 5. f3 Bh5 6. b3 Nbd7 7. Bb2 Qc7 8. g4
Bg6 9. f4 e6 10. Bxg6 hxg6 11. Qf3 Bd6 12. h3 Qa5 13. Ne2 Ne4 14. c3 Ndf6 15.
a4 c5 16. Nxe4 Nxe4 17. dxc5 Bxc5 18. Rd1 Qb6 19. Bc1 Qxb3 20. O-O Qxa4 21. f5
Ng5 22. Qg3 Rxh3 23. Qf4 Qxf4 24. Nxf4 Rg3+ 25. Kf2 Rxg4 26. fxe6 Rxf4+ 0-1

[Event "II Festival Lunigiana A"]
[Site "Pontremoli ITA"]
[Date "1998.07.07"]
[Round "3"]
[White "Mazzini, Mauro"]
[Black "Piscopo, Pierluigi"]
[Result "1/2-1/2"]
[WhiteElo "1792"]
[BlackElo "1930"]
[PlyCount "54"]
[EventDate "1998.07.05"]

1. e4 c5 2. Nf3 Nc6 3. d4 cxd4 4. Nxd4 Nf6 5. Nc3 e5 6. Ndb5 d6 7. Nd5 Nxd5 8.
exd5 Nb8 9. c4 Bf5 10. Bd3 Bxd3 11. Qxd3 a6 12. Nc3 Be7 13. O-O O-O 14. f4 Nd7
15. f5 Rc8 16. Ne4 Nf6 17. Be3 Nxe4 18. Qxe4 Bg5 19. Rac1 Bxe3+ 20. Qxe3 f6 21.
b4 Rf7 22. Rfd1 Rfc7 23. c5 Qe7 24. g4 Qd7 25. h3 Kf7 26. a3 Ke7 27. Rc3 Kf7
1/2-1/2

[Event "II Festival Lunigiana A"]
[Site "Pontremoli ITA"]
[Date "1998.07.07"]
[Round "3"]
[White "Naumkin, Igor"]
[Black "Jurkovic, Ante"]
[Result "1/2-1/2"]
[WhiteElo "2475"]
[BlackElo "2315"]
[PlyCount "97"]
[EventDate "1998.07.05"]

1. d4 Nf6 2. Nf3 g6 3. c4 Bg7 4. Nc3 O-O 5. e4 d6 6. Be2 e5 7. d5 a5 8. Bg5 h6
9. Bh4 Qe8 10. Nd2 Bd7 11. O-O Na6 12. b3 Nh7 13. a3 h5 14. f3 Bh6 15. Kh1 f5
16. exf5 gxf5 17. f4 exf4 18. Bxh5 Qe5 19. Ne2 Nc5 20. Nf3 Qg7 21. Nfg1 Be8 22.
Bxe8 Rfxe8 23. Nxf4 Qg4 24. Bg3 Nf6 25. Nge2 Nfe4 26. Rf3 Bg7 27. Rb1 Re7 28.
h3 Qg5 29. Qc2 Qh6 30. Bh2 a4 31. b4 Nb3 32. Rd1 Ng5 33. Rff1 Rae8 34. Ng3 Rf7
35. Nfe2 Qh7 36. c5 f4 37. Qxh7+ Kxh7 38. Rxf4 Rfe7 39. cxd6 cxd6 40. Rh4+ Kg8
41. Rg4 Ne4 42. Nxe4 Rxe4 43. Rxe4 Rxe4 44. Ng3 Rd4 45. Rf1 Nd2 46. Rc1 Rxd5
47. Rd1 Rd3 48. Nf5 Bb2 49. Bf4 1/2-1/2

[Event "II Festival Lunigiana A"]
[Site "Pontremoli ITA"]
[Date "1998.07.07"]
[Round "3"]
[White "Pastorini, Mario"]
[Black "Fragni, Enrico"]
[Result "1-0"]
[WhiteElo "2160"]
[BlackElo "1822"]
[PlyCount "77"]
[EventDate "1998.07.05"]

1. c4 c5 2. Nc3 Nc6 3. g3 b6 4. Bg2 Bb7 5. e3 e6 6. Nge2 g6 7. d4 cxd4 8. Nxd4
a6 9. O-O Nf6 10. b3 Bg7 11. Bb2 O-O 12. Qd2 Qc7 13. Rac1 d6 14. Nd5 exd5 15.
cxd5 Rac8 16. dxc6 Ba8 17. Ne2 Rfe8 18. Qd3 b5 19. Nf4 g5 20. Bxf6 gxf4 21.
Bxg7 Kxg7 22. Qd4+ Kf8 23. Qxf4 Qe7 24. Rfd1 Qe5 25. Rxd6 Qxf4 26. gxf4 Rc7 27.
Rcd1 Rec8 28. Bh3 Re8 29. Bd7 Re7 30. Kf1 Kg7 31. Ke2 Kf8 32. f3 b4 33. e4 a5
34. Ke3 Ra7 35. Kd4 a4 36. Kc5 axb3 37. axb3 Ra5+ 38. Kb6 Ra3 39. c7 1-0

[Event "II Festival Lunigiana A"]
[Site "Pontremoli ITA"]
[Date "1998.07.07"]
[Round "3"]
[White "Rivara, Massimo"]
[Black "Agrifoglio, Fabio"]
[Result "1-0"]
[WhiteElo "1705"]
[BlackElo "1869"]
[PlyCount "89"]
[EventDate "1998.07.05"]

1. e4 e6 2. d3 d5 3. Nd2 Nf6 4. Ngf3 c5 5. g3 Nc6 6. Bg2 Bd6 7. O-O O-O 8. Re1
Qc7 9. Nf1 dxe4 10. dxe4 Rd8 11. Qe2 Nd7 12. Ne3 Nde5 13. Nxe5 Nd4 14. Qf1 Bxe5
15. c3 Nc6 16. f4 Bf6 17. e5 Be7 18. Nc4 Rb8 19. Qf3 b5 20. Qxc6 Qxc6 21. Bxc6
bxc4 22. Bg2 Bb7 23. Bf1 Bd5 24. Rb1 Be4 25. Rxe4 Rd1 26. Kf2 Rbd8 27. Re1 R1d7
28. Bxc4 a5 29. b3 g6 30. Be3 Rb7 31. Red1 Rdb8 32. Rd2 a4 33. Rbd1 Kf8 34. Rd7
axb3 35. axb3 Rxd7 36. Rxd7 Ra8 37. Kf3 h5 38. h4 Ke8 39. Bb5 Kf8 40. c4 Rc8
41. Bf2 Bd8 42. Bxc5+ Kg7 43. Bd6 Bb6 44. Rb7 Bd4 45. Rb8 1-0

[Event "II Festival Lunigiana A"]
[Site "Pontremoli ITA"]
[Date "1998.07.07"]
[Round "3"]
[White "Venturelli, Roberto"]
[Black "Pieri, Enzo"]
[Result "0-1"]
[WhiteElo "1830"]
[BlackElo "1714"]
[PlyCount "59"]
[EventDate "1998.07.05"]

1. e4 c5 2. Nf3 d6 3. d4 cxd4 4. Nxd4 Nf6 5. Nc3 a6 6. Bg5 e6 7. f4 Be7 8. Qf3
Qc7 9. O-O-O Nc6 10. Nde2 Bd7 11. g4 Ng8 12. Bxe7 Ngxe7 13. Ng3 g6 14. Bg2
O-O-O 15. Rd2 f5 16. h3 fxe4 17. Ngxe4 d5 18. Nf6 Rdf8 19. Nxd7 Rxf4 20. Qe2
Qxd7 21. Re1 Nd8 22. Rd3 Rhf8 23. Qd1 Nec6 24. Bxd5 Nb4 25. Be4 Nxd3+ 26. cxd3
Qc7 27. Kb1 b5 28. a3 Rf2 29. Rh1 Kb8 30. Ka2 0-1

[Event "II Festival Lunigiana A"]
[Site "Pontremoli ITA"]
[Date "1998.07.08"]
[Round "4"]
[White "Agrifoglio, Fabio"]
[Black "Mazzini, Mauro"]
[Result "0-1"]
[WhiteElo "1869"]
[BlackElo "1792"]
[PlyCount "73"]
[EventDate "1998.07.05"]

1. d4 Nf6 2. c4 g6 3. Nf3 Bg7 4. Nc3 d5 5. cxd5 Nxd5 6. e4 Nxc3 7. bxc3 c5 8.
Rb1 Nc6 9. d5 Bxc3+ 10. Bd2 Bxd2+ 11. Qxd2 Nd4 12. Nxd4 cxd4 13. Bb5+ Bd7 14.
Qxd4 O-O 15. O-O b6 16. a4 Bxb5 17. axb5 Qd7 18. Rfc1 Rfb8 19. Qe5 f6 20. Qg3
Rb7 21. Qd3 Rd8 22. Qc4 Qd6 23. Qa2 Kg7 24. Rc6 Qe5 25. Qc4 Rbd7 26. Rc1 h5 27.
g3 g5 28. Rf1 Rb8 29. f4 gxf4 30. gxf4 Qb2 31. Kh1 Rbd8 32. Rg1+ Kh6 33. d6 Qf2
34. Qc1 Qf3+ 35. Rg2 Rg8 36. Rcc2 Rc8 37. f5+ 0-1

[Event "II Festival Lunigiana A"]
[Site "Pontremoli ITA"]
[Date "1998.07.08"]
[Round "4"]
[White "Fragni, Enrico"]
[Black "Jurkovic, Ante"]
[Result "0-1"]
[WhiteElo "1822"]
[BlackElo "2315"]
[PlyCount "43"]
[EventDate "1998.07.05"]

1. d4 Nf6 2. f3 d5 3. Bg5 e6 4. e3 c5 5. c3 Nc6 6. Ne2 h6 7. Bh4 Be7 8. Nd2 b6
9. Nb3 O-O 10. Qc2 Ba6 11. Bf2 e5 12. Ng3 Bxf1 13. Nxf1 Re8 14. O-O-O exd4 15.
exd4 c4 16. Nbd2 b5 17. g4 b4 18. Nb1 Qa5 19. b3 bxc3 20. Nxc3 Nb4 21. Qd2 Nd3+
22. Kb1 0-1

[Event "II Festival Lunigiana A"]
[Site "Pontremoli ITA"]
[Date "1998.07.08"]
[Round "4"]
[White "Godani, Tiziano"]
[Black "Naumkin, Igor"]
[Result "1-0"]
[WhiteElo "2075"]
[BlackElo "2475"]
[PlyCount "69"]
[EventDate "1998.07.05"]

1. e4 e6 2. d4 d5 3. e5 c5 4. c3 Nc6 5. Nf3 Bd7 6. a3 f6 7. Bf4 c4 8. Nbd2 Qb6
9. Rb1 Na5 10. exf6 Nxf6 11. g3 Bd6 12. Be5 O-O-O 13. Bh3 Kb8 14. O-O Be8 15.
Bxd6+ Rxd6 16. Ne5 Bh5 17. Qc2 Nd7 18. Nxd7+ Rxd7 19. Rbe1 Rd6 20. Re3 Nc6 21.
Rfe1 Nd8 22. b3 cxb3 23. Nxb3 Bg6 24. Qa2 Qc6 25. a4 Bf5 26. Bf1 g5 27. Nc5 g4
28. c4 h5 29. Bg2 h4 30. cxd5 exd5 31. Re5 Qc8 32. Rxd5 Rdh6 33. Qd2 Be6 34.
Qf4+ Ka8 35. Rxd8 1-0

[Event "II Festival Lunigiana A"]
[Site "Pontremoli ITA"]
[Date "1998.07.08"]
[Round "4"]
[White "Malakhov, Vladimir"]
[Black "Pastorini, Mario"]
[Result "1-0"]
[WhiteElo "2550"]
[BlackElo "2160"]
[PlyCount "57"]
[EventDate "1998.07.05"]

1. e4 c5 2. Nf3 e6 3. c4 Nc6 4. Nc3 Nf6 5. Be2 d5 6. exd5 exd5 7. d4 cxd4 8.
Nxd4 Nxd4 9. Qxd4 Bb4 10. O-O Bxc3 11. bxc3 O-O 12. Bf3 Be6 13. Be3 dxc4 14.
Bxb7 Qxd4 15. Bxd4 Rab8 16. Bf3 a6 17. Rfb1 Bf5 18. Rb7 Rfe8 19. Ra7 Rb1+ 20.
Rxb1 Bxb1 21. h3 Bxa2 22. Rxa6 Bb1 23. Bxf6 gxf6 24. Rxf6 Re1+ 25. Kh2 Kg7 26.
Rf4 Bd3 27. Bd5 Rc1 28. Bxc4 Rxc3 29. Bxf7 1-0

[Event "II Festival Lunigiana A"]
[Site "Pontremoli ITA"]
[Date "1998.07.08"]
[Round "4"]
[White "Mrdja, Milan"]
[Black "Lasio, Millo"]
[Result "1-0"]
[WhiteElo "2430"]
[BlackElo "1824"]
[PlyCount "98"]
[EventDate "1998.07.05"]

1. e4 e6 2. d4 d5 3. Nc3 Nf6 4. Bg5 Be7 5. e5 Nfd7 6. Bxe7 Qxe7 7. f4 g6 8. Nf3
b6 9. Nb5 Qd8 10. Qd2 a6 11. Na3 b5 12. c3 c5 13. Nc2 Nc6 14. Bd3 Bb7 15. dxc5
Nxc5 16. Ncd4 Ne7 17. Bc2 Rc8 18. O-O Qb6 19. Kh1 h6 20. Qe1 Ne4 21. a3 Nf5 22.
Rd1 Qc7 23. Bd3 Qe7 24. Nc2 O-O 25. Ne3 Nxe3 26. Qxe3 Qc5 27. Nd4 Kh7 28. Rf3
Qe7 29. Rff1 f5 30. exf6 Qxf6 31. Qh3 Rce8 32. Kg1 Bc8 33. Bxe4 dxe4 34. Qg3
Bb7 35. Nc2 Re7 36. Ne3 h5 37. Qg5 Qg7 38. Rd6 Bc8 39. g3 Rff7 40. Rc1 Rf6 41.
Qe5 Ref7 42. Qxe4 Bb7 43. Qe5 Re7 44. h4 Qf7 45. Rd2 Rc7 46. Rd8 Bd5 47. Rxd5
exd5 48. Nxd5 Rcc6 49. Nxf6+ Rxf6 1-0

[Event "II Festival Lunigiana A"]
[Site "Pontremoli ITA"]
[Date "1998.07.08"]
[Round "4"]
[White "Pieri, Enzo"]
[Black "Duarte, Riccardo"]
[Result "0-1"]
[WhiteElo "1714"]
[BlackElo "1717"]
[PlyCount "64"]
[EventDate "1998.07.05"]

1. e4 e5 2. Nf3 Nc6 3. Bb5 Bc5 4. c3 Nge7 5. O-O Ng6 6. d4 exd4 7. cxd4 Be7 8.
Be3 O-O 9. Nbd2 a6 10. Be2 d6 11. Rc1 f5 12. exf5 Rxf5 13. Bd3 Rh5 14. Bxg6
hxg6 15. Qc2 Kf7 16. Ne4 Be6 17. Ng3 Rh7 18. Rfd1 Bd5 19. Ne4 Rh5 20. g4 Nb4
21. Qxc7 Bxe4 22. Nd2 Rxh2 23. Nxe4 Qh8 24. Ng3 Qh3 25. Qc4+ d5 26. Qf1 Qh4 27.
Qe2 Qxg3+ 28. fxg3 Rxe2 29. Rf1+ Ke6 30. Bf4 Nd3 31. Rc7 Rxb2 32. Rf3 Rb1+ 0-1

[Event "II Festival Lunigiana A"]
[Site "Pontremoli ITA"]
[Date "1998.07.08"]
[Round "4"]
[White "Piscopo, Pierluigi"]
[Black "Rivara, Massimo"]
[Result "1-0"]
[WhiteElo "1930"]
[BlackElo "1705"]
[PlyCount "43"]
[EventDate "1998.07.05"]

1. e4 c5 2. Nf3 d6 3. d4 cxd4 4. Nxd4 Nf6 5. Nc3 a6 6. Bg5 e6 7. f4 Be7 8. Qf3
Qc7 9. O-O-O Nbd7 10. Be2 b5 11. Bxf6 Bxf6 12. e5 Bb7 13. Ndxb5 axb5 14. Nxb5
Qxc2+ 15. Kxc2 Rc8+ 16. Kb1 Bxf3 17. Nxd6+ Ke7 18. Nxc8+ Rxc8 19. exf6+ Nxf6
20. Bxf3 Rc4 21. g3 Ne4 22. Bxe4 1-0

[Event "II Festival Lunigiana A"]
[Site "Pontremoli ITA"]
[Date "1998.07.09"]
[Round "5"]
[White "Agrifoglio, Fabio"]
[Black "Ferrarini, Stefano"]
[Result "1-0"]
[WhiteElo "1869"]
[BlackElo "1669"]
[PlyCount "91"]
[EventDate "1998.07.05"]

1. d4 Nc6 2. d5 Ne5 3. e4 Ng6 4. Nf3 e5 5. dxe6 dxe6 6. Qxd8+ Kxd8 7. Bc4 Bd6
8. O-O c6 9. Rd1 Kc7 10. Nc3 Nf6 11. Rxd6 Kxd6 12. e5+ Nxe5 13. Bf4 Nfd7 14.
Ne4+ Ke7 15. Nxe5 Nxe5 16. Bxe5 f6 17. Bd6+ Kf7 18. Ba3 Kg6 19. Bd3 f5 20. Nd6
e5 21. f3 Kf6 22. Re1 b5 23. c4 Ba6 24. cxb5 Bxb5 25. Bxf5 Rhd8 26. Be4 Rab8
27. b3 a5 28. Bc2 Ke6 29. Ne4 h6 30. Nc5+ Kf7 31. Bc1 Rd5 32. b4 a4 33. a3 Re8
34. Be4 Rdd8 35. Be3 g5 36. Rc1 Kf6 37. g4 Re7 38. Bf5 Kf7 39. Kf2 Rd5 40. Bb1
Rd8 41. Ne4 Bd3 42. Ba2+ Kg7 43. Nxg5 e4 44. Ne6+ Rxe6 45. Bxe6 exf3 46. Rd1
1-0

[Event "II Festival Lunigiana A"]
[Site "Pontremoli ITA"]
[Date "1998.07.09"]
[Round "5"]
[White "Duarte, Riccardo"]
[Black "Lasio, Millo"]
[Result "1-0"]
[WhiteElo "1717"]
[BlackElo "1824"]
[PlyCount "73"]
[EventDate "1998.07.05"]

1. e4 e6 2. d4 d5 3. exd5 exd5 4. Bd3 Bd6 5. Nc3 c6 6. Nge2 Bg4 7. f3 Bh5 8.
Nf4 Bg6 9. Nxg6 hxg6 10. Qe2+ Ne7 11. Bg5 f6 12. Be3 Qc7 13. O-O-O Nd7 14. g3
O-O-O 15. Kb1 Rde8 16. Qd2 Nf5 17. Bf2 Nb6 18. a3 Kb8 19. Na2 Re7 20. g4 Nh4
21. Bxh4 Rxh4 22. Bxg6 Nc4 23. Qc3 Re3 24. Rde1 Rxe1+ 25. Rxe1 a5 26. Bd3 b5
27. Bxc4 bxc4 28. b3 Qb6 29. Ka1 Bxa3 30. bxc4 Bb4 31. Qb3 dxc4 32. Re8+ Ka7
33. Qxc4 Rxh2 34. Qf7+ Ka6 35. Nxb4+ axb4 36. Ra8+ Kb5 37. c4+ 1-0

[Event "II Festival Lunigiana A"]
[Site "Pontremoli ITA"]
[Date "1998.07.09"]
[Round "5"]
[White "Jurkovic, Ante"]
[Black "Godani, Tiziano"]
[Result "1-0"]
[WhiteElo "2315"]
[BlackElo "2075"]
[PlyCount "69"]
[EventDate "1998.07.05"]

1. Nf3 Nf6 2. g3 g6 3. Bg2 Bg7 4. O-O O-O 5. d3 d6 6. c3 c5 7. a3 Nbd7 8. Nbd2
Rb8 9. e4 b5 10. Re1 Bb7 11. d4 a5 12. h3 Qc7 13. Qe2 e6 14. Nh2 cxd4 15. cxd4
Rfc8 16. a4 Bc6 17. axb5 Bxb5 18. Qe3 e5 19. Nhf3 a4 20. Nb1 Nb6 21. Na3 Ba6
22. Bd2 Nfd7 23. Rec1 Qa7 24. dxe5 dxe5 25. h4 Qb7 26. Bh3 Bf8 27. Bc3 Rc5 28.
Rd1 Qc6 29. h5 Bc8 30. Kg2 Nc4 31. Nxc4 Rxc4 32. Bxd7 Bxd7 33. Nxe5 Rxe4 34.
Nxc6 Rxe3 35. Nxb8 1-0

[Event "II Festival Lunigiana A"]
[Site "Pontremoli ITA"]
[Date "1998.07.09"]
[Round "5"]
[White "Mrdja, Milan"]
[Black "Malakhov, Vladimir"]
[Result "0-1"]
[WhiteElo "2430"]
[BlackElo "2550"]
[PlyCount "82"]
[EventDate "1998.07.05"]

1. e4 c5 2. Nf3 g6 3. d4 Bg7 4. Nc3 cxd4 5. Nxd4 Nc6 6. Be3 Nf6 7. Bc4 O-O 8.
Bb3 d6 9. h3 Na5 10. Qd2 Nxb3 11. axb3 Bd7 12. f3 Qb8 13. Bh6 Bxh6 14. Qxh6 d5
15. O-O-O e5 16. Nf5 Bxf5 17. exf5 d4 18. Ne4 Nxe4 19. fxe4 Qd6 20. h4 Qc6 21.
h5 gxf5 22. Qg5+ Kh8 23. Qxf5 f6 24. Rhf1 a5 25. Rf3 b5 26. h6 b4 27. Rdf1 Rf7
28. Rg3 a4 29. bxa4 Rxa4 30. Kd2 Raa7 31. Rf2 Ra8 32. Kd1 Ra1+ 33. Kd2 Ra6 34.
Rgf3 Qc5 35. Rf1 Rc6 36. Rc1 Qf8 37. Qh5 Qg8 38. g4 Rfc7 39. Rxf6 Rxf6 40. Qxe5
Rcc6 41. Rf1 Rce6 0-1

[Event "II Festival Lunigiana A"]
[Site "Pontremoli ITA"]
[Date "1998.07.09"]
[Round "5"]
[White "Naumkin, Igor"]
[Black "Pastorini, Mario"]
[Result "1-0"]
[WhiteElo "2475"]
[BlackElo "2160"]
[PlyCount "71"]
[EventDate "1998.07.05"]

1. d4 Nf6 2. c4 e6 3. Nf3 b6 4. g3 Bb7 5. Bg2 Be7 6. Nc3 Ne4 7. Bd2 Bf6 8. O-O
O-O 9. Rc1 d6 10. d5 Nxc3 11. Bxc3 Bxc3 12. Rxc3 e5 13. Nd2 f5 14. f4 e4 15. g4
g6 16. gxf5 gxf5 17. Rg3+ Kh8 18. Bh3 Qf6 19. Nb3 c5 20. dxc6 Nxc6 21. Qd2 Rg8
22. Kf2 Ne7 23. Qd4 Raf8 24. Rd1 d5 25. c5 Qxd4+ 26. Rxd4 Rxg3 27. hxg3 Kg7 28.
cxb6 axb6 29. Rb4 Rf6 30. Nd4 Kg6 31. Ke3 Rd6 32. Ra4 Bc8 33. Ra8 Kf6 34. a4
Be6 35. Rf8+ Kg7 36. Rd8 1-0

[Event "II Festival Lunigiana A"]
[Site "Pontremoli ITA"]
[Date "1998.07.09"]
[Round "5"]
[White "Piscopo, Pierluigi"]
[Black "Fragni, Enrico"]
[Result "1-0"]
[WhiteElo "1930"]
[BlackElo "1822"]
[PlyCount "93"]
[EventDate "1998.07.05"]

1. e4 c6 2. d4 Qc7 3. f4 d6 4. Nf3 Bg4 5. Be2 Bxf3 6. Bxf3 e5 7. c3 Nd7 8. O-O
Ngf6 9. Be3 Be7 10. Nd2 O-O 11. Qe1 c5 12. fxe5 dxe5 13. d5 c4 14. Qg3 Kh8 15.
Kh1 b5 16. Bd1 Nc5 17. Bc2 Nh5 18. Qg4 Nf6 19. Qg3 Nh5 20. Qh3 Nf6 21. Rf3 Rad8
22. Raf1 Rd6 23. Rf5 Ncd7 24. g4 g6 25. R5f3 Ra6 26. a3 b4 27. axb4 Ra2 28. Bd1
Ra1 29. Be2 Rxf1+ 30. Rxf1 Ng8 31. Nxc4 Nb6 32. Nxb6 axb6 33. g5 Qd8 34. Qg3 f6
35. gxf6 Bxf6 36. c4 Rf7 37. Qf2 Rb7 38. c5 bxc5 39. Bxc5 Kg7 40. Bg4 Qe8 41.
Be6 Bg5 42. Qf8+ Qxf8 43. Bxf8+ Kh8 44. Bd6 Bf4 45. Rxf4 exf4 46. Be5+ Rg7 47.
Bxg8 1-0

[Event "II Festival Lunigiana A"]
[Site "Pontremoli ITA"]
[Date "1998.07.09"]
[Round "5"]
[White "Rivara, Massimo"]
[Black "Pieri, Enzo"]
[Result "1/2-1/2"]
[WhiteElo "1705"]
[BlackElo "1714"]
[PlyCount "58"]
[EventDate "1998.07.05"]

1. e4 c5 2. Nf3 d6 3. d4 cxd4 4. Nxd4 Nf6 5. Nc3 a6 6. a4 e6 7. Be2 Be7 8. O-O
Nc6 9. Be3 O-O 10. Kh1 Qc7 11. f4 Nxd4 12. Bxd4 e5 13. Be3 Be6 14. Nd5 Nxd5 15.
exd5 exf4 16. dxe6 fxe3 17. exf7+ Kh8 18. Bd3 g6 19. Bxg6 hxg6 20. Qd4+ Kh7 21.
Rf3 g5 22. Qe4+ Kg7 23. Raf1 e2 24. Qxe2 d5 25. Qe3 Qd6 26. Qd4+ Kg6 27. Qd3+
Kg7 28. Qd4+ Kg6 29. Qd3+ Kg7 1/2-1/2

[Event "II Festival Lunigiana A"]
[Site "Pontremoli ITA"]
[Date "1998.07.09"]
[Round "5"]
[White "Venturelli, Roberto"]
[Black "Mazzini, Mauro"]
[Result "0-1"]
[WhiteElo "1830"]
[BlackElo "1792"]
[PlyCount "44"]
[EventDate "1998.07.05"]

1. e4 c5 2. Nf3 Nc6 3. d4 cxd4 4. Nxd4 e6 5. Be3 Nf6 6. Nc3 Bb4 7. Bd3 d5 8.
exd5 Nxd5 9. Nxc6 bxc6 10. Bd2 O-O 11. O-O Nxc3 12. bxc3 Bd6 13. Qf3 Qc7 14. h3
Bb7 15. Qe4 g6 16. Qh4 c5 17. c4 Be5 18. Rab1 Rfd8 19. Ba5 Qxa5 20. Rxb7 Rab8
21. Rfb1 Rxb7 22. Rxb7 Qe1+ 0-1

[Event "II Festival Lunigiana A"]
[Site "Pontremoli ITA"]
[Date "1998.07.10"]
[Round "6"]
[White "Ferrarini, Stefano"]
[Black "Rivara, Massimo"]
[Result "1-0"]
[WhiteElo "1669"]
[BlackElo "1705"]
[PlyCount "103"]
[EventDate "1998.07.05"]

1. c4 c5 2. Nf3 Nf6 3. g3 g6 4. Bg2 Bg7 5. Nc3 Nc6 6. O-O O-O 7. d3 a6 8. a3 e6
9. Rb1 Rb8 10. b4 cxb4 11. axb4 d6 12. b5 axb5 13. Nxb5 b6 14. Ba3 Ne8 15. Nd2
Nd4 16. Nxd4 Bxd4 17. Nb3 Bg7 18. Na5 Bd7 19. Nc6 Bxc6 20. Bxc6 Qc7 21. Qa4 Nf6
22. Rfc1 Rfc8 23. Bg2 Nd7 24. Bb2 Bxb2 25. Rxb2 d5 26. Rbc2 d4 27. Qa1 Qd6 28.
Ra2 Nc5 29. Rb1 e5 30. Bd5 b5 31. Ra7 Ne6 32. Bxe6 Qxe6 33. Rxb5 Rxb5 34. cxb5
Qb6 35. Qa2 Rc7 36. Rxc7 Qxc7 37. Qc4 Qa7 38. Qd5 Qb8 39. Qc6 Kf8 40. b6 Ke7
41. b7 Kd8 42. Qf6+ Kc7 43. Qxf7+ Kb6 44. Qxh7 Qxb7 45. Qxg6+ Kc5 46. Qe4 Qb1+
47. Kg2 Kd6 48. f4 exf4 49. Qxd4+ Ke6 50. Qxf4 Qd1 51. Qe4+ Kf6 52. h4 1-0

[Event "II Festival Lunigiana A"]
[Site "Pontremoli ITA"]
[Date "1998.07.10"]
[Round "6"]
[White "Fragni, Enrico"]
[Black "Duarte, Riccardo"]
[Result "0-1"]
[WhiteElo "1822"]
[BlackElo "1717"]
[PlyCount "82"]
[EventDate "1998.07.05"]

1. d4 d5 2. f3 c6 3. Bg5 Qb6 4. b3 Bf5 5. e3 h6 6. Bh4 e5 7. c3 Nd7 8. Bd3 e4
9. fxe4 dxe4 10. Bc4 Ngf6 11. h3 Bd6 12. Ne2 Nd5 13. Bf2 Qc7 14. Bxd5 cxd5 15.
Nd2 Be6 16. Nf1 f5 17. Qd2 O-O 18. Nf4 Bf7 19. g3 Rac8 20. Ne2 Bh5 21. Rc1 Ba3
22. Rc2 Bb4 23. g4 fxg4 24. Bg3 Qc6 25. Kd1 gxh3 26. cxb4 Qxc2+ 27. Qxc2 Rxc2
28. Kxc2 Bxe2 29. Nh2 Bd3+ 30. Kd2 Rc8 31. Rc1 Rxc1 32. Kxc1 h5 33. Bh4 Kf7 34.
Kd2 Ke6 35. Ke1 Kf5 36. Bd8 g5 37. Kf2 h4 38. a4 Bc2 39. a5 Bxb3 40. Be7 Bc4
41. Bd8 Nb8 0-1

[Event "II Festival Lunigiana A"]
[Site "Pontremoli ITA"]
[Date "1998.07.10"]
[Round "6"]
[White "Godani, Tiziano"]
[Black "Piscopo, Pierluigi"]
[Result "1/2-1/2"]
[WhiteElo "2075"]
[BlackElo "1930"]
[PlyCount "20"]
[EventDate "1998.07.05"]

1. e4 c5 2. c3 d6 3. d4 Nf6 4. Bd3 Nc6 5. Ne2 g6 6. Bg5 Bg7 7. Qd2 O-O 8. O-O
cxd4 9. Nxd4 Nxd4 10. cxd4 Qb6 1/2-1/2

[Event "II Festival Lunigiana A"]
[Site "Pontremoli ITA"]
[Date "1998.07.10"]
[Round "6"]
[White "Jurkovic, Ante"]
[Black "Malakhov, Vladimir"]
[Result "0-1"]
[WhiteElo "2315"]
[BlackElo "2550"]
[PlyCount "114"]
[EventDate "1998.07.05"]

1. e4 c5 2. Nf3 g6 3. d4 Bg7 4. Nc3 cxd4 5. Nxd4 Nc6 6. Nb3 Nf6 7. Bg5 d6 8.
Qd2 a5 9. Bb5 O-O 10. f3 Ne5 11. a4 Be6 12. Nd4 Qc8 13. Nxe6 fxe6 14. O-O Nc4
15. Bxc4 Qxc4 16. b3 Qc5+ 17. Be3 Bh6 18. Nd1 Rac8 19. c4 Bxe3+ 20. Qxe3 Nd7
21. Re1 Qb4 22. Nf2 e5 23. Rab1 Qc5 24. Qd2 Qb6 25. Kh1 Qd4 26. Qe2 Rf4 27.
Red1 Qb6 28. Rd5 Qc7 29. Rb5 Kg7 30. Ng4 Nc5 31. Ne3 e6 32. Rd1 b6 33. Ng4 Qc6
34. Nf2 Na6 35. Qe3 Rb8 36. Qd2 Nc7 37. Qxd6 Qxd6 38. Rxd6 Nxb5 39. axb5 Rff8
40. h3 Kf6 41. Ng4+ Ke7 42. Rc6 Rfd8 43. Nxe5 Rd1+ 44. Kh2 Rb1 45. f4 Rb7 46.
Rc8 Kf6 47. Ng4+ Kg7 48. e5 g5 49. fxg5 Rxb3 50. Nf6 Kg6 51. h4 Kf5 52. Rh8 a4
53. Ra8 a3 54. g4+ Kxe5 55. h5 Rg7 56. Nxh7 Rxh7 57. g6 Rd7 0-1